000 00818nam a22002297a 4500
005 20100513140518.0
008 100513t xxu||||| |||| 00| 0 eng d
010 _aENG-96060
020 _a9788120340237
_c195.00
035 _aEN-79593
037 _bDBAD/PUB
040 _aDPL
_bEng
082 _a658.05
100 _aChatterjee, Indrajit
_919958
245 _aManagement information systems /
_cby Indrajit Chatterjee
260 _aNew Delhi
_bPHI Learning
_c2010
270 _aM-97, Connaught Circus,
_bNew Delhi
_e110001
300 _aix,209p. :
_c23cm (pbk)
_bill.
500 _aIncludes index
942 _2ddc
_cEN
_mCHA
_h658.05
999 _c36023
_d36023